000 01132cam a2200301 a 4500
001 4329224
003 NUST-PNEC
005 20170116180707.0
008 880629s1988 njua f 001 0 eng
010 _a 88022673
020 _a0131626116
040 _cPNEC
050 0 0 _aTJ985
_b.C59 1988
082 0 0 _a621.5 ROL
_219
100 _9389
_aRollins, John P.
245 0 0 _aCompressed air and gas handbook /
_cCompressed Air and Gas Institute ; John P. Rollins, editor.
250 _a5th ed.
260 _aEnglewood Cliffs, N.J. :
_bPrentice Hall,
_cc1988.
300 _axix, 903 p. :
_bill. ;
_c24 cm.
500 _aIncludes index. http://www.amazon.com/Compressed-Air-Gas-Handbook-5th/dp/0131626116/ref=sr_1_1?s=books&ie=UTF8&qid=1411807093&sr=1-1&keywords=0131626116
650 0 _aCompressed air
_xHandbooks, manuals, etc.
650 0 _aGases, Compressed
_xME
700 1 _aRollins, John P.
710 2 _aCompressed Air and Gas Institute.
906 _a7
_bcbc
_corignew
_d1
_eocip
_f19
_gy-gencatlg
942 _2ddc
_cBK
999 _c60779
_d60779